000
00309nam a22001337a 4500
008
181218b xxu||||| |||| 00| 0 eng d
020
_a
0226398773
041
_a
eng
080
_a
371
100
_a
46
101
_a
EDU
245
_a
Growth and Structure of the English Language
_c
Quirk, R
942
_2
udc
_c
BK
999
_c
53443
_d
53443